Central Library OPAC University of Rajshahi

The cultural experience : (Record no. 85596)

MARC details
000 -LEADER
fixed length control field 01025nam a2200313 a 4500
001 - CONTROL NUMBER
control field 85596
003 - CONTROL NUMBER IDENTIFIER
rucl marc code BD-RjUL
005 - DATE AND TIME OF LATEST TRANSACTION
control field 20250828153414.0
008 - FIXED-LENGTH DATA ELEMENTS--GENERAL INFORMATION
fixed length control field 250828s1972 ilua b 000 0 eng
035 ## - SYSTEM CONTROL NUMBER
System control number 4103053
System control number (BD-RjUL)85596
040 ## - CATALOGING SOURCE
Original cataloging agency DLC
Transcribing agency DLC
Modifying agency DLC
-- BD-RjUL
Language of cataloging eng
041 ## - LANGUAGE CODE
Language code of text/sound track or separate title eng
082 00 - DEWEY DECIMAL CLASSIFICATION NUMBER
Edition number 23
Classification number 301.20711
Author mark and year SPC 1972
100 1# - MAIN ENTRY--PERSONAL NAME
Personal name Spradley, James P.,
Relator term comp.
9 (RLIN) 16702
245 14 - TITLE STATEMENT
Title The cultural experience :
Remainder of title ethnography in complex society /
Statement of responsibility, etc. James P. Spradley, David W. McCurdy.
260 ## - PUBLICATION, DISTRIBUTION, ETC. (IMPRINT)
Place of publication, distribution, etc. Chicago :
Name of publisher, distributor, etc. Science Research Associates,
Date of publication, distribution, etc. c1972.
300 ## - PHYSICAL DESCRIPTION
Pagination ix, 246 p. :
Illustrations ill. ;
Size 21 cm.
336 ## - CONTENT TYPE
Content type term text
Content type code txt
Source rdacontent
337 ## - MEDIA TYPE
Media type term unmediated
Media type code n
Source rdamedia
338 ## - CARRIER TYPE
Carrier type term volume
Carrier type code nc
Source rdacarrier
504 ## - BIBLIOGRAPHY, ETC. NOTE
Bibliography, etc Bibliography: p. 241-246.
650 #0 - SUBJECT ADDED ENTRY--TOPICAL TERM
Topical term or geographic name as entry element Ethnology
General subdivision Fieldwork.
9 (RLIN) 8078
Topical term or geographic name as entry element Urban anthropology.
9 (RLIN) 16703
Topical term or geographic name as entry element Ethnology
General subdivision Study and teaching (Higher)
9 (RLIN) 16704
700 1# - ADDED ENTRY--PERSONAL NAME
Personal name McCurdy, David W.,
Relator term joint author.
942 ## - ADDED ENTRY ELEMENTS (KOHA)
Source of classification or shelving scheme Dewey Decimal Classification
Koha item type Books
Holdings
Lost status Source of classification or shelving scheme Damaged status Not for loan Collection code Permanent Location Current Location Shelving location Date acquired Source of acquisition Total Checkouts Full call number Date last seen Copy number Koha item type
  Dewey Decimal Classification   Not For Loan Non-fiction Central Library, University of Rajshahi Central Library, University of Rajshahi Reading Room 30/03/1977 Lions Internationals   301.20711 SPC 1972 28/08/2025 C-1 Books